Music Quiz

Random Music or Artist Quiz

Supereasy hardcore quiz Stats

 Plays Quiz not verified by Sporcle

Challenge
Share
Tweet
Embed
Score 0/25 Timer 12:00
0 Plays Today
Trackname % Correct
Refly
87.5%
Still Nr 1
75%
Feel U Here
62.5%
Why So Serious
62.5%
Attack
62.5%
Your Choice
50%
Pride & Pain
50%
Bottoms Up
50%
Dominator
50%
Forgotten Moments
50%
United By Hardness
37.5%
Rise Of The Ruler
37.5%
Gas Met Die Zooi
37.5%
Trackname % Correct
Silent Notes
37.5%
To Claim The Future
37.5%
Tonight
37.5%
D-Power
37.5%
Symphony Of The Dead
37.5%
Paint It Black
37.5%
Dangerous
25%
Angel
25%
Pledge Of Resistance
25%
Rock This MF
12.5%
Stay Focused
12.5%
My Claim To Fame
12.5%

You're not logged in!

Compare scores with friends on all Sporcle quizzes.
Join for Free
OR
Log In

You Might Also Like...

Show Comments

Extras

Top Quizzes Today


Score Distribution

Your Account Isn't Verified!

In order to create a playlist on Sporcle, you need to verify the email address you used during registration. Go to your Sporcle Settings to finish the process.

Report this User

Report this user for behavior that violates our Community Guidelines.

Details: